Tractores agrícolas
保存先:
| 第一著者: | |
|---|---|
| フォーマット: | 図書 |
| 言語: | スペイン語 |
| 出版事項: |
Santiago
Universidad de Chile
1989
|
| 版: | 3a. ed |
| シリーズ: | Publicación Docente, 1
|
| 主題: | |
| タグ: |
タグ追加
タグなし, このレコードへの初めてのタグを付けませんか!
|
MARC
| LEADER | 00000nam a2200000 a 4500 | ||
|---|---|---|---|
| 001 | UCX9097 | ||
| 003 | CL-VaPUC | ||
| 008 | 940516e19890000CL |||||||||||||||||spa|d | ||
| 082 | 0 | 4 | |a 631.372 |b VIL |2 21 |
| 100 | 0 | |a Villa Rojas, Roberto |e author |9 326394 | |
| 245 | 1 | 0 | |a Tractores agrícolas |
| 250 | |a 3a. ed | ||
| 300 | |a 172 p | ||
| 942 | |c BK | ||
| 945 | |d 19940516 00:00:00 |a mfernand | ||
| 260 | |a Santiago |b Universidad de Chile |c 1989 | ||
| 650 | 7 | |a TRACTORES |2 CL-VaPUC |9 326395 | |
| 650 | 0 | |a Vehículos de tracción |9 326396 | |
| 650 | 7 | |a MAQUINARIA AGRICOLA |2 CL-VaPUC |9 264357 | |
| 650 | 0 | |a Mantención de maquinaria |9 326397 | |
| 583 | |a last modification |c 20130410 10:33:43 |k Rodrigo Vera | ||
| 490 | 0 | |a Publicación Docente, 1 | |
| 999 | |c 228428 |d 228426 | ||
| 952 | |0 0 |1 1 |2 ddc |4 0 |6 631_372000000000000_VIL_1989 |7 0 |8 A |9 228464 |a BIBAGR |b BIBAGR |d 2019-11-15 |i 3401103 |o 631.372 VIL 1989 |p 3401103 |r 2019-11-15 |w 2019-11-15 |y BK |k AGR | ||